| 000 | 00446nam a22001577a 4500 | ||
|---|---|---|---|
| 999 |
_c524722 _d524722 |
||
| 003 | NUST | ||
| 038 | _aMr. Zahoor | ||
| 082 | _a620.1 | ||
| 100 |
_aHaleema Zareen _915515 |
||
| 245 |
_aAerodynamic Analysis of Flapping Wing Micro Air Vehicles / _cHaleema Zareen |
||
| 260 |
_aIslamabad : _bCEME - NUST, _c2013. |
||
| 300 |
_ax, 98 p. : ill. ; _c30 cm. |
||
| 500 | _aHardcover. | ||
| 600 | _2Mechanical Engineering - MS Thesis | ||
| 942 |
_2ddc _cTHE |
||